[Event "FRA-ch Blitz Online Qual"]
[Site "Europe Echecs INT"]
[Date "2020.05.16"]
[Round "8"]
[White "Laignel, Quentin"]
[Black "Pierre, Timothee"]
[Result "1-0"]
[WhiteElo "1420"]
[BlackElo "1858"]
[PlyCount "75"]
[EventDate "2020.05.16"]
[EventType "swiss (blitz)"]
[EventRounds "15"]
[EventCountry "FRA"]
[SourceTitle "CBM 196 Extra"]
[Source "ChessBase"]
[SourceDate "2020.07.31"]
[SourceVersion "1"]
[SourceVersionDate "2020.07.31"]
[SourceQuality "1"]

1. d4 f5 2. Nf3 Nf6 3. e3 e6 4. Bc4 b6 5. c3 Bb7 6. Nbd2 Be7 7. 0-0 0-0 8. Qc2 d5 9. Bd3 Ne4 10. Ne5 Nd7 11. Ndf3 Bf6 12. Nxd7 Qxd7 13. Bd2 Nxd2 14. Qxd2 Rae8 15. Ne1 e5 16. f4 e4 17. Be2 Bc6 18. g3 Bb5 19. Ng2 Bxe2 20. Qxe2 c6 21. b3 b5 22. a4 a6 23. axb5 axb5 24. c4 bxc4 25. bxc4 Ra8 26. Rxa8 Rxa8 27. Rb1 Ra5 28. Rb8+ Kf7 29. Qh5+ Ke6 30. cxd5+ Kxd5 31. Qd1 Qa7 32. Qb3+ Kd6 33. Qb4+ Kc7 34. Rf8 Ra1+ 35. Ne1 Qa5 36. Rf7+ Kc8 37. Qb7+ Kd8 38. Qd7# 1-0

[Event "FRA-ch Blitz Online Qual"]
[Site "Europe Echecs INT"]
[Date "2020.05.16"]
[Round "6"]
[White "Ngomane, Max"]
[Black "Pierre, Timothee"]
[Result "0-1"]
[WhiteElo "1278"]
[BlackElo "1858"]
[PlyCount "100"]
[EventDate "2020.05.16"]
[EventType "swiss (blitz)"]
[EventRounds "15"]
[EventCountry "FRA"]
[SourceTitle "CBM 196 Extra"]
[Source "ChessBase"]
[SourceDate "2020.07.31"]
[SourceVersion "1"]
[SourceVersionDate "2020.07.31"]
[SourceQuality "1"]

1. d4 f5 2. c4 Nf6 3. Nc3 e6 4. Bg5 Be7 5. e3 0-0 6. Nf3 b6 7. Bd3 Bb7 8. 0-0 Ne4 9. Bxe7 Qxe7 10. Ne5 d6 11. Bxe4 fxe4 12. Ng4 h5 13. Nh6+ gxh6 14. Qxh5 Qg5 15. Qe2 Nd7 16. Rad1 Nf6 17. d5 exd5 18. cxd5 Kh7 19. f3 exf3 20. Rxf3 Rae8 21. Rg3 Qe5 22. Qd3+ Ne4 23. Nxe4 Qxe4 24. Qc3 Rg8 25. Rd4 Qe5 26. Qd3+ Kh8 27. Rxg8+ Rxg8 28. Re4 Qg5 29. g3 Bxd5 30. Qd4+ Kh7 31. Rf4 Qg7 32. Qd3+ Kh8 33. Rf5 Be6 34. Rf4 Bd7 35. Qa3 Bc6 36. Qxa7 Qxb2 37. Qxc7 Qc1+ 38. Kf2 Qc2+ 39. Ke1 Qc1+ 40. Ke2 Qc2+ 41. Ke1 Qc1+ 42. Ke2 Bb5+ 43. Kf3 Qxc7 44. Kg2 Bc6+ 45. Kf2 Qe7 46. Rd4 Rf8+ 47. Ke2 Bb5+ 48. Kd2 Rf2+ 49. Kc3 Qxe3+ 50. Kb4 Rb2# 0-1

[Event "FRA-ch Blitz Online Qual"]
[Site "Europe Echecs INT"]
[Date "2020.05.16"]
[Round "3"]
[White "Pierre, Timothee"]
[Black "Barbaggi, Sasha"]
[Result "0-1"]
[WhiteElo "1858"]
[BlackElo "1375"]
[PlyCount "59"]
[EventDate "2020.05.16"]
[EventType "swiss (blitz)"]
[EventRounds "15"]
[EventCountry "FRA"]
[SourceTitle "CBM 196 Extra"]
[Source "ChessBase"]
[SourceDate "2020.07.31"]
[SourceVersion "1"]
[SourceVersionDate "2020.07.31"]
[SourceQuality "1"]

1. f4 d5 2. Nf3 Nf6 3. e3 Nc6 4. b3 e6 5. Bb2 Bd6 6. Be2 0-0 7. 0-0 Bd7 8. d3 Qe7 9. Qe1 e5 10. fxe5 Nxe5 11. Bd1 Nxf3+ 12. Rxf3 Be5 13. d4 Bd6 14. c4 Bg4 15. Rxf6 Qxf6 16. Bxg4 dxc4 17. bxc4 Rfe8 18. c5 Bf8 19. Nd2 Qg5 20. Bf3 Rxe3 21. Qf2 c6 22. Rf1 Ree8 23. Ne4 Qh6 24. Bc1 Qe6 25. Ng5 Qf6 26. Qh4 h6 27. Ne4 Qxh4 28. Be3 Rxe4 29. Bxe4 Qxe4 30. Bf2 0-1

[Event "FRA-ch Blitz Online Qual"]
[Site "Europe Echecs INT"]
[Date "2020.05.16"]
[Round "7"]
[White "Pierre, Timothee"]
[Black "Dumas, Charles"]
[Result "0-1"]
[WhiteElo "1858"]
[BlackElo "2284"]
[PlyCount "64"]
[EventDate "2020.05.16"]
[EventType "swiss (blitz)"]
[EventRounds "15"]
[EventCountry "FRA"]
[SourceTitle "CBM 196 Extra"]
[Source "ChessBase"]
[SourceDate "2020.07.31"]
[SourceVersion "1"]
[SourceVersionDate "2020.07.31"]
[SourceQuality "1"]

1. f4 g6 2. Nf3 Bg7 3. e3 c5 4. c3 Nc6 5. d4 d6 6. Bd3 e6 7. 0-0 Nge7 8. Nbd2 0-0 9. Kh1 e5 10. fxe5 dxe5 11. Bb5 cxd4 12. exd4 exd4 13. cxd4 Nxd4 14. Nxd4 Qxd4 15. Nf3 Qxd1 16. Rxd1 Nf5 17. Rb1 Be6 18. b3 Rfd8 19. Bg5 Rxd1+ 20. Rxd1 h6 21. Bf4 Rc8 22. Be5 Rc2 23. Bxg7 Kxg7 24. Bd3 Rxa2 25. Bxf5 Bxf5 26. Nd4 Be4 27. Nf3 g5 28. h3 Rb2 29. Ra1 a6 30. Ra4 Bxf3 31. gxf3 Rxb3 32. Re4 Rxf3 0-1

[Event "FRA-ch Blitz Online Qual"]
[Site "Europe Echecs INT"]
[Date "2020.05.16"]
[Round "13"]
[White "Pierre, Timothee"]
[Black "Pernoud, Claire"]
[Result "1-0"]
[WhiteElo "1858"]
[BlackElo "1428"]
[PlyCount "49"]
[EventDate "2020.05.16"]
[EventType "swiss (blitz)"]
[EventRounds "15"]
[EventCountry "FRA"]
[SourceTitle "CBM 196 Extra"]
[Source "ChessBase"]
[SourceDate "2020.07.31"]
[SourceVersion "1"]
[SourceVersionDate "2020.07.31"]
[SourceQuality "1"]

1. f4 Nf6 2. Nf3 d5 3. e3 e6 4. b3 Bd6 5. Bb2 0-0 6. Be2 Nbd7 7. 0-0 e5 8. fxe5 Nxe5 9. Nxe5 Re8 10. Nd3 Ne4 11. Qe1 Qe7 12. Nc3 Nxc3 13. Bxc3 c5 14. Nf4 d4 15. exd4 Bxf4 16. Rxf4 Qxe2 17. Qxe2 Rxe2 18. dxc5 Be6 19. Kf1 Rxd2 20. Bxd2 Rd8 21. Bc3 g5 22. Rd4 Re8 23. Rad1 Bf5 24. Rd8 Rxd8 25. Rxd8# 1-0

[Event "FRA-ch Blitz Online Qual"]
[Site "Europe Echecs INT"]
[Date "2020.05.16"]
[Round "9"]
[White "Pierre, Timothee"]
[Black "Sayah Hobon, Noah"]
[Result "1/2-1/2"]
[WhiteElo "1858"]
[BlackElo "1364"]
[PlyCount "97"]
[EventDate "2020.05.16"]
[EventType "swiss (blitz)"]
[EventRounds "15"]
[EventCountry "FRA"]
[SourceTitle "CBM 196 Extra"]
[Source "ChessBase"]
[SourceDate "2020.07.31"]
[SourceVersion "1"]
[SourceVersionDate "2020.07.31"]
[SourceQuality "1"]

1. f4 d5 2. Nf3 Bf5 3. b3 Nd7 4. Bb2 Ngf6 5. e3 e6 6. Be2 Be7 7. 0-0 0-0 8. d3 c5 9. Qe1 Rc8 10. Ne5 Nxe5 11. Bxe5 Ng4 12. Bxg4 Bxg4 13. Qg3 h5 14. h3 Bh4 15. Qh2 Bf5 16. Nd2 Bf6 17. Nf3 Bxe5 18. Nxe5 d4 19. e4 Bh7 20. g4 f6 21. Nf3 Qe8 22. Kg2 Qg6 23. Nh4 Qh6 24. Rf3 g5 25. fxg5 fxg5 26. Rxf8+ Rxf8 27. Nf3 hxg4 28. hxg4 Qxh2+ 29. Nxh2 Rf4 30. Kg3 Bg6 31. Nf3 Be8 32. Nxg5 e5 33. Rh1 Bg6 34. Ne6 Rf6 35. Nxc5 Rb6 36. Nd7 Rd6 37. Nxe5 Be8 38. Nc4 Rf6 39. g5 Rg6 40. Kg4 Bd7+ 41. Kh5 Rg7 42. Ne5 Rh7+ 43. Kg6 Rxh1 44. Nxd7 Rf1 45. Nf6+ Kf8 46. Nd7+ Kg8 47. Nf6+ Kf8 48. Nh7+ Kg8 49. Nf6+ 1/2-1/2

[Event "Avignon-B 4th"]
[Site "Avignon"]
[Date "2012.11.05"]
[Round "2"]
[White "Pierre, Timothee"]
[Black "Canonge, Jerome"]
[Result "0-1"]
[WhiteElo "1955"]
[BlackElo "1806"]
[PlyCount "42"]
[EventDate "2012.11.04"]
[EventType "tourn"]
[EventRounds "7"]
[EventCountry "FRA"]
[SourceTitle "EXT 2014"]
[Source "ChessBase"]
[SourceDate "2013.11.20"]
[SourceVersion "1"]
[SourceVersionDate "2013.11.20"]
[SourceQuality "1"]

1. e4 d5 2. exd5 Nf6 3. Nf3 Bg4 4. Be2 Qxd5 5. Nc3 Qf5 6. d4 Nc6 7. a3 0-0-0 8. Be3 e5 9. d5 Bxf3 10. Bxf3 e4 11. Be2 Kb8 12. Bc4 Ne5 13. Qd4 c5 14. Qd1 Nxc4 15. Qe2 Nxe3 16. fxe3 Nxd5 17. 0-0-0 Be7 18. Na4 Qe6 19. c4 Nb6 20. Nxb6 Qxb6 21. Qg4 Bf6 0-1

[Event "FRA-chT4 0809"]
[Site "France "]
[Date "2009.01.18"]
[Round "4.2"]
[White "Lacroix, Romain"]
[Black "Pierre, Timothee"]
[Result "0-1"]
[WhiteElo "2163"]
[BlackElo "1934"]
[PlyCount "84"]
[EventDate "2008.10.??"]
[EventType "team-tourn"]
[EventRounds "9"]
[EventCountry "FRA"]
[SourceTitle "EXT 2010"]
[Source "ChessBase"]
[SourceDate "2010.11.25"]
[SourceVersion "1"]
[SourceVersionDate "2010.11.25"]
[SourceQuality "1"]

1. e4 e5 2. Nf3 Nc6 3. Bb5 a6 4. Bxc6 dxc6 5. 0-0 Bd6 6. d4 Bg4 7. dxe5 Bxf3 8. Qxf3 Bxe5 9. Rd1 Qf6 10. Qxf6 Bxf6 11. f4 Rd8 12. Rxd8+ Kxd8 13. e5 Be7 14. Be3 Nh6 15. Nc3 f6 16. Rd1+ Kc8 17. Ne4 fxe5 18. fxe5 Ng4 19. Bd4 Rd8 20. Rd3 c5 21. Bc3 Rxd3 22. cxd3 Kd7 23. h3 Ne3 24. Kf2 Nd1+ 25. Kf3 Ke6 26. Kf4 b5 27. a3 h6 28. h4 b4 29. axb4 cxb4 30. Bd4 b3 31. Nf2 Nxf2 32. Bxf2 a5 33. Ke3 Kxe5 34. Bg3+ Kd5 35. Bxc7 a4 36. Kd2 Bxh4 37. g3 Bf6 38. Kc1 Be5 39. Ba5 Bxg3 40. Bb4 h5 41. Kd2 h4 42. Ke3 Be5 0-1

[Event "FRA-ch op-B"]
[Site "Chartres"]
[Date "2005.??.??"]
[Round "10"]
[White "Pierre, Timothee"]
[Black "Charpentier, Denis"]
[Result "0-1"]
[WhiteElo "1971"]
[BlackElo "1917"]
[PlyCount "70"]
[EventDate "2005.08.15"]
[EventType "swiss"]
[EventRounds "11"]
[EventCountry "FRA"]
[SourceTitle "EXT 2006"]
[Source "ChessBase"]
[SourceDate "2005.11.24"]
[SourceVersion "1"]
[SourceVersionDate "2005.11.24"]
[SourceQuality "1"]

1. e4 d5 2. exd5 Nf6 3. Nc3 Nxd5 4. Nxd5 Qxd5 5. d4 Nc6 6. Nf3 e5 7. c4 Bb4+ 8. Bd2 Qa5 9. d5 e4 10. Qe2 0-0 11. Qxe4 Bd7 12. Be2 Bxd2+ 13. Nxd2 Rfe8 14. Qd3 Ne5 15. Qc3 Qxc3 16. bxc3 Nd3+ 17. Kf1 Bf5 18. g4 Nf4 19. Bf3 Bd3+ 20. Kg1 Re7 21. h3 Rae8 22. Rd1 b6 23. c5 bxc5 24. Nb3 Be2 25. Bxe2 Rxe2 26. Kh2 R8e3 27. Rhf1 Rxh3+ 28. Kg1 Rxc3 29. d6 cxd6 30. Rxd6 g5 31. Ra6 Rcc2 32. Rxa7 Nh3+ 33. Kg2 Nxf2 34. Kf3 Nd3 35. Kg3 Ne5 0-1